000 01325nam a2200325 a 4500
999 _c139510
_d139510
003 BLK
005 20240604005356.0
008 180409b bul|||||r ||||||| ||bul||
010 _aKNG00145557000
040 _aBLK
041 _aBUL
_cBUL
080 _aБългарска литература
_b821.163.2
_x-93-1
_z821.163.2-93-1
100 _aЕлин Пелин
_qСтоянов, Димитър Иванов
_9363511
139 _aЕлин Пелин
_bЕ 53
245 1 0 _aЧохено контошче
_bПриказка в стихове
_cЕлин Пелин; худож. Симеон Здравков Венов; Димитър Иванов Стоянов.
257 _aBGR
260 _bБълг. художник
_c1979
_aСофия
300 _a20 с.
_bс ил.
_c27 см
380 _aDX
500 _aИстинското име на авт. е Димитър Иванов Стоянов. - Кор. опис. - 70 110 тир.
700 1 _aВенов, Симеон Здравков
_eхудож.
_9368591
700 1 _aСтоянов, Димитър Иванов
_e*
_9365019
852 _aЦб ІІ 18126
856 4 _qpdf
856 4 _qpdf
942 _cKNG
_n0
_s1
944 _aCR
_c11.07.2013
_lCRON CRON
_k
944 _aED
_c11.07.2013
_l11.07.2013 - от С1,Р / 11.07.2013
999 _d139510